Environmental chemistry (Record no. 17148)

MARC details
000 -LEADER
fixed length control field 00484nam a22001697a 4500
008 - FIXED-LENGTH DATA ELEMENTS--GENERAL INFORMATION
fixed length control field 180904b xxu||||| |||| 00| 0 eng d
020 ## - INTERNATIONAL STANDARD BOOK NUMBER
International Standard Book Number 0415226015
040 ## - CATALOGING SOURCE
Original cataloging agency KABu
Transcribing agency KABU
050 ## - LIBRARY OF CONGRESS CALL NUMBER
Classification number TD193
Item number .W75 2003 c. 1
100 ## - MAIN ENTRY--PERSONAL NAME
Personal name Wright, John
245 ## - TITLE STATEMENT
Title Environmental chemistry
Statement of responsibility, etc. John Wright
246 ## - VARYING FORM OF TITLE
Title proper/short title Routledge introductions to environment
260 ## - PUBLICATION, DISTRIBUTION, ETC. (IMPRINT)
Place of publication, distribution, etc. London
Name of publisher, distributor, etc. Routledge
Date of publication, distribution, etc. 2003
300 ## - PHYSICAL DESCRIPTION
Extent xii, 419 p.
650 ## - SUBJECT ADDED ENTRY--TOPICAL TERM
Topical term or geographic name as entry element Environmental chemistry
942 ## - ADDED ENTRY ELEMENTS (KOHA)
Source of classification or shelving scheme Library of Congress Classification
Koha item type General Collection
Classification part TD193
Holdings
Withdrawn status Lost status Source of classification or shelving scheme Not for loan Home library Current library Shelving location Date acquired Cost, normal purchase price Total Checkouts Full call number Barcode Date last seen Date last checked out Copy number Price effective from Koha item type
    Library of Congress Classification   Kabarak, Main Campus Kabarak, Main Campus General Stacks 04/09/2018 2950.00 1 TD193 .W75 2003 c. 1 022121 20/05/2024 18/05/2024 c. 1 04/09/2018 General Collection
Designed with assistance from East African Informatics Ltd